| 000 | 00598nam a2200217Ia 4500 | ||
|---|---|---|---|
| 008 | 180523s9999 xx 000 0 und d | ||
| 020 | _a0-07-140923-1 | ||
| 050 | _aMAIN KF 1420.Z9 | ||
| 050 | _b.N38 2003 | ||
| 100 | _aNathan, Karen B. | ||
| 245 | 0 | _aIncorporate! : | |
| 245 | 3 | _ban easy step-by-step plan for entrepreneurs / | |
| 245 | 0 | _cKaren B. Nathan, Alice H. Magos. | |
| 260 | _aNew York : | ||
| 260 | _bMcGraw-Hill, | ||
| 260 | _c2003 | ||
| 300 | _a275 pages : | ||
| 300 | _c23 cm. | ||
| 500 | _aIncludes index. | ||
| 650 | _aIncorporation -- United States -- Popular works. | ||
| 999 |
_c357303 _d357303 |
||